|
|
|
|
| LEADER |
00799nam a22001817a 4500 |
| 008 |
141205b xxu||||| |||| 00| 0 eng d |
| 082 |
|
|
|a 894.11 ULI
|
| 100 |
|
|
|a ഉളിയില്, അഷ്റഫ്ബഷീര്
|
| 240 |
|
|
|a Nakshathrangale njan Mubeena
|
| 245 |
|
|
|a നക്ഷത്രങ്ങളേ ഞാന് മുബീന /
|c അഷ്റഫ്ബഷീര് ഉളിയില്
|
| 250 |
|
|
|a 1st ed.
|
| 260 |
|
|
|a കണ്ണൂര് :
|b കൈരളി ബുക്സ്,
|c 2008.
|
| 300 |
|
|
|a 70p.
|
| 650 |
|
|
|a Poems
|
| 700 |
|
|
|a Ashraf Basheer, Uliyil
|
| 942 |
|
|
|2 ddc
|c BK
|
| 999 |
|
|
|c 8814
|d 8814
|
| 952 |
|
|
|0 0
|1 0
|2 ddc
|4 0
|6 894_110000000000000_ULI
|7 0
|9 12565
|a MAIN
|b MAIN
|d 2014-12-05
|e Kairali Books
|g 40.00
|l 1
|o 894.11 ULI
|p 12493
|r 2014-12-18
|s 2014-12-17
|t 1
|w 2014-12-05
|y BK
|